| 000 | 00882cam a22001934a 4500 | ||
|---|---|---|---|
| 005 | 20250605164023.0 | ||
| 008 | 250528s ||||||||||||||||||||||||d | ||
| 035 | _a16399 | ||
| 020 | _a19874045 | ||
| 040 |
_aGR-AtMCL _bgre _dGR-AtMCL _eAACR2 |
||
| 245 | 1 | _aMining and Regional Development | |
| 260 |
_bOxford University Press, _c1981 |
||
| 300 | _a60 | ||
| 520 | _aThis book aims to provide a survey and assessment of recently developed techniques and theories in geography and to indicate the uses of these developments by relating them to specific problems. Introduction, Mineral Resources and Mining Location, ''Early'' Stage Development - The ''Minerals Dominant'' Phase, ''Middle'' Stage Development and the Mining Revival and the Return of the Resource Frontier, References. | ||
| 700 | 1 |
_aSpooner Derek _92493 |
|
| 942 | _cBK | ||
| 999 |
_c1902 _d1902 |
||